[Event "85th Tata Steel Masters 2023"]
[Site "Wijk aan Zee"]
[Date "2023.01.28"]
[Round "12.6"]
[White "Rapport, Richard"]
[Black "Ding, Liren"]
[Result "1-0"]
[WhiteElo "2740"]
[BlackElo "2811"]
[Annotator "TA"]
[PlyCount "83"]
[EventDate "2023.01.10"]
[EventType "tourn"]
[EventCountry "NED"]
[SourceTitle "playchess.com"]
[Source "ChessBase"]
[SourceQuality "1"]

1. e4 c5 2. Nf3 d6 3. d4 cxd4 4. Qxd4 Nf6 5. Nc3 Nc6 6. Bb5 Bd7 7. Bxc6 Bxc6 8. Bg5 e6 9. O-O-O Be7 10. Qd3 Qa5 11. h4 h6 12. Bd2 Qa6 13. Qxa6 bxa6 14. Rde1 e5 15. Nh2 Nd7 16. Nf1 f5 17. f3 fxe4 18. fxe4 Nf6 19. Ng3 Rf8 20. Nf5 Rf7 21. h5 Bf8 22. Ng3 Rc8 23. Nd1 Rfc7 24. Ba5 Rd7 25. Rh4 d5 26. exd5 Bxd5 27. Rxe5+ Kf7 28. Bb4 Bxg2 29. Bxf8 Kxf8 30. Ne3 Bb7 31. b3 Re8 32. Rxe8+ Kxe8 33. c4 Kf7 34. Kc2 g5 35. Rh2 Ke6 36. Re2 Bf3 37. Re1 Nxh5 38. Ng4+ Kd6 39. Nf5+ Kc7 40. Ne5 g4 41. Nxd7 Kxd7 42. Kd2 1-0

[Event "82nd Tata Steel Masters 2020"]
[Site "Wijk aan Zee"]
[Date "2020.01.25"]
[Round "12.6"]
[White "Dubov, Daniil"]
[Black "Yu, Yangyi"]
[Result "1-0"]
[WhiteElo "2683"]
[BlackElo "2726"]
[Annotator "TA"]
[PlyCount "61"]
[EventDate "2020.01.11"]
[EventType "tourn"]
[EventCountry "NED"]
[SourceTitle "playchess.com"]
[Source "ChessBase"]
[SourceQuality "1"]

1. d4 d5 2. c4 c6 3. Nf3 Nf6 4. Nc3 e6 5. Bg5 h6 6. Bxf6 Qxf6 7. e3 Nd7 8. Be2 Bb4 9. O-O O-O 10. Qc2 Bxc3 11. Qxc3 dxc4 12. Rfd1 c5 13. Bxc4 a6 14. Qa3 b6 15. Bb5 Rd8 16. Bc6 Ra7 17. dxc5 Nxc5 18. Qb4 Nd7 19. Qd6 Rf8 20. Rd2 Nc5 21. Rad1 Qe7 22. b4 Qxd6 23. Rxd6 Nb7 24. R6d2 f6 25. h4 h5 26. Be4 e5 27. Rc1 Ra8 28. Rc6 b5 29. Rb6 Kh8 30. Rc2 Rf7 31. Rxa6 1-0

[Event "84th Tata Steel Challengers 2022"]
[Site "Wijk aan Zee"]
[Date "2022.01.29"]
[Round "12.6"]
[White "Ganguly, Surya Shekhar"]
[Black "L'Ami, Erwin"]
[Result "0-1"]
[WhiteElo "2627"]
[BlackElo "2622"]
[Annotator "TA"]
[PlyCount "102"]
[EventDate "2022.01.15"]
[EventType "tourn"]
[EventCountry "NED"]
[SourceTitle "playchess.com"]
[Source "ChessBase"]
[SourceQuality "1"]

1. e4 e5 2. Nf3 Nc6 3. Bc4 Bc5 4. d3 Nf6 5. Nc3 d6 6. Na4 Bb6 7. a3 O-O 8. O-O h6 9. h3 Re8 10. b4 Be6 11. Bxe6 Rxe6 12. Nxb6 axb6 13. c4 Nxb4 14. Bxh6 Nxd3 15. Ng5 Nc5 16. Nxe6 Nxe6 17. Be3 Nxe4 18. Qd5 Nf6 19. Qxb7 Ra4 20. Rfc1 Qa8 21. Qxa8+ Rxa8 22. a4 Ne4 23. Ra3 f5 24. f3 N4c5 25. Rca1 Nb7 26. g4 f4 27. Bf2 g5 28. Kg2 Na5 29. Rc1 Kf7 30. h4 gxh4 31. Bxh4 e4 32. fxe4 Nc6 33. Rh1 Ne5 34. Be1 Ng5 35. Rf1 f3+ 36. Kg3 Kg6 37. a5 bxa5 38. Rxa5 Rf8 39. Kf2 Nxg4+ 40. Kg3 Ne5 41. Kf2 Nxe4+ 42. Ke3 Ng5 43. Ra4 Ng4+ 44. Kd3 f2 45. Ba5 c5 46. Ra2 Rf3+ 47. Ke2 Re3+ 48. Kd1 Ne4 49. Bd2 Rd3 50. Ke2 Rb3 51. Bf4 Kf5 0-1

[Event "85th Tata Steel Challengers 2023"]
[Site "Wijk aan Zee"]
[Date "2023.01.28"]
[Round "12.6"]
[White "Warmerdam, Max"]
[Black "Vaishali, Rameshbabu"]
[Result "1-0"]
[WhiteElo "2616"]
[BlackElo "2425"]
[Annotator "TA"]
[PlyCount "83"]
[EventDate "2023.01.10"]
[EventType "tourn"]
[EventCountry "NED"]
[SourceTitle "playchess.com"]
[Source "ChessBase"]
[SourceQuality "1"]

1. Nf3 Nf6 2. c4 c5 3. g3 Nc6 4. Bg2 d5 5. cxd5 Nxd5 6. Nc3 g6 7. h4 Bg7 8. h5 Bf5 9. h6 Bf6 10. Nh2 Nxc3 11. bxc3 Qd7 12. Nf1 O-O 13. Ne3 Rfd8 14. Ba3 Rac8 15. Bxc5 b6 16. Ba3 Na5 17. Nd5 Nc4 18. Nxf6+ exf6 19. Bc1 Bg4 20. d3 Ne5 21. Qc2 Nc6 22. Qb2 Re8 23. Be3 Ne7 24. c4 Qe6 25. Rh4 Rcd8 26. O-O-O b5 27. Rxg4 Qxg4 28. Qxf6 Nf5 29. Be4 bxc4 30. f3 Qxg3 31. Bxf5 Qe5 32. Qxe5 Rxe5 33. Be4 f5 34. Bf4 Re6 35. Bb7 Rxe2 36. dxc4 Rxd1+ 37. Kxd1 Rb2 38. Bd5+ Kf8 39. c5 Ke7 40. Bg8 Rb5 41. Bd6+ Kf6 42. c6 1-0

[Event "82nd Tata Steel Masters 2020"]
[Site "Wijk aan Zee"]
[Date "2020.01.25"]
[Round "12.7"]
[White "Anand, Viswanathan"]
[Black "Kovalev, Vladislav"]
[Result "1/2-1/2"]
[WhiteElo "2758"]
[BlackElo "2660"]
[Annotator "TA"]
[PlyCount "39"]
[EventDate "2020.01.11"]
[EventType "tourn"]
[EventCountry "NED"]
[SourceTitle "playchess.com"]
[Source "ChessBase"]
[SourceQuality "1"]

1. e4 e5 2. Nf3 Nc6 3. Bb5 Nd4 4. Nxd4 exd4 5. O-O Bc5 6. d3 c6 7. Ba4 d6 8. Nd2 Nf6 9. f4 O-O 10. Bb3 d5 11. Kh1 Re8 12. e5 Ng4 13. Nf3 f6 14. h3 Nh6 15. c3 Nf5 16. Qe1 fxe5 17. fxe5 Rf8 18. Bg5 Be7 19. Bxe7 Qxe7 20. Nxd4 1/2-1/2

[Event "83rd Tata Steel Masters 2021"]
[Site "Wijk aan Zee"]
[Date "2021.01.30"]
[Round "12.7"]
[White "Harikrishna, Pentala"]
[Black "Donchenko, Alexander"]
[Result "1-0"]
[WhiteElo "2732"]
[BlackElo "2668"]
[Annotator "TA"]
[PlyCount "99"]
[EventDate "2021.01.16"]
[EventType "tourn"]
[EventCountry "NED"]
[SourceTitle "playchess.com"]
[Source "ChessBase"]
[SourceQuality "1"]

1. d4 Nf6 2. c4 e6 3. Nc3 Bb4 4. Nf3 c5 5. g3 Ne4 6. Qd3 cxd4 7. Nxd4 Bxc3+ 8. bxc3 Nc5 9. Qf3 d6 10. Bg2 Nbd7 11. O-O O-O 12. Nb3 Qc7 13. Rd1 Nb6 14. Nxc5 Qxc5 15. Be3 Qc7 16. Bxb6 axb6 17. Qd3 Rd8 18. a4 Ra5 19. Rdb1 Bd7 20. Rb4 Bc6 21. Qd4 Bxg2 22. Kxg2 Rc5 23. Rab1 h6 24. Qd3 Rc6 25. a5 bxa5 26. Rxb7 Qc8 27. Qf3 Rf8 28. Rb8 Qd7 29. R1b7 Rc7 30. Rxf8+ Kxf8 31. Rb8+ Ke7 32. Rg8 Qc6 33. e4 g6 34. Qe3 g5 35. h4 Qc5 36. Qf3 Qe5 37. hxg5 hxg5 38. Ra8 Qc5 39. Qh5 Ra7 40. Rg8 Qe5 41. Qg4 a4 42. Rxg5 Qf6 43. c5 dxc5 44. Rxc5 a3 45. e5 Qh8 46. Qb4 Qa8+ 47. Kh2 Ke8 48. Rb5 Qc6 49. Rb8+ Kd7 50. Qd4+ 1-0

[Event "85th Tata Steel Masters 2023"]
[Site "Wijk aan Zee"]
[Date "2023.01.28"]
[Round "12.7"]
[White "Maghsoodloo, Parham"]
[Black "Erigaisi Arjun"]
[Result "1-0"]
[WhiteElo "2719"]
[BlackElo "2722"]
[Annotator "TA"]
[PlyCount "93"]
[EventDate "2023.01.10"]
[EventType "tourn"]
[EventCountry "NED"]
[SourceTitle "playchess.com"]
[Source "ChessBase"]
[SourceQuality "1"]

1. d4 Nf6 2. c4 g6 3. Nc3 d5 4. Nf3 Bg7 5. h3 O-O 6. cxd5 Nxd5 7. e4 Nxc3 8. bxc3 c5 9. Be2 Nc6 10. Be3 cxd4 11. cxd4 Qa5+ 12. Bd2 Qa3 13. d5 Ne5 14. O-O Bd7 15. Rb1 Ba4 16. Qe1 Nd3 17. Bxd3 Qxd3 18. Bg5 Rfe8 19. Qb4 b5 20. Rbc1 a5 21. Qc5 Qxe4 22. Rfe1 Qf5 23. g4 Qc8 24. Bxe7 b4 25. Qe3 Qb7 26. d6 Rac8 27. Ng5 Rxc1 28. Rxc1 Qd5 29. Qf4 Qxa2 30. Rc4 f5 31. gxf5 h6 32. f6 hxg5 33. f7+ Kh7 34. fxe8=Q gxf4 35. Qf7 Be8 36. Qxf4 b3 37. d7 Bxd7 38. Qf7 Qa1+ 39. Kg2 Bxh3+ 40. Kh2 Qe5+ 41. Kxh3 Qf5+ 42. Qxf5 gxf5 43. Rc7 Kg6 44. Ba3 Be5 45. Rc5 Bd4 46. Rxa5 Bxf2 47. Rb5 1-0

[Event "82nd Tata Steel Challengers 2020"]
[Site "Wijk aan Zee"]
[Date "2020.01.25"]
[Round "12.7"]
[White "L'Ami, Erwin"]
[Black "Grandelius, Nils"]
[Result "1/2-1/2"]
[WhiteElo "2606"]
[BlackElo "2673"]
[Annotator "TA"]
[PlyCount "62"]
[EventDate "2020.01.11"]
[EventType "tourn"]
[EventCountry "NED"]
[SourceTitle "playchess.com"]
[Source "ChessBase"]
[SourceQuality "1"]

1. d4 Nf6 2. Nf3 g6 3. c4 Bg7 4. g3 d5 5. cxd5 Nxd5 6. Bg2 Nb6 7. Nc3 Nc6 8. e3 e5 9. d5 Ne7 10. e4 c6 11. O-O cxd5 12. exd5 O-O 13. Qb3 Nexd5 14. Nxe5 Nxc3 15. Qxc3 Nd7 16. f4 Nxe5 17. fxe5 Qe7 18. Bf4 Bf5 19. Rac1 Rac8 20. Qe3 b6 21. h4 Qe6 22. b3 Bh3 23. Rfd1 Bxg2 24. Kxg2 Rxc1 25. Rxc1 Qd7 26. Re1 Re8 27. Qf3 h5 28. Re2 Qe6 29. Rf2 Qd7 30. Re2 Qe6 31. Rf2 Qd7 1/2-1/2

[Event "85th Tata Steel Challengers 2023"]
[Site "Wijk aan Zee"]
[Date "2023.01.28"]
[Round "12.7"]
[White "Mishra, Abhimanyu"]
[Black "Pechac, Jergus"]
[Result "1-0"]
[WhiteElo "2559"]
[BlackElo "2637"]
[Annotator "TA"]
[PlyCount "139"]
[EventDate "2023.01.10"]
[EventType "tourn"]
[EventCountry "NED"]
[SourceTitle "playchess.com"]
[Source "ChessBase"]
[SourceQuality "1"]

1. e4 e5 2. Nf3 Nc6 3. Bc4 Nf6 4. d3 Bc5 5. c3 d6 6. O-O h6 7. Re1 O-O 8. Nbd2 Bb6 9. b4 Ne7 10. Bb3 c6 11. a4 Ng6 12. d4 d5 13. a5 Bc7 14. exd5 exd4 15. Nxd4 Nxd5 16. Ne4 Re8 17. h3 Be5 18. Ra2 Bxd4 19. Qxd4 f5 20. Bxh6 Qd7 21. Nf6+ gxf6 22. Rxe8+ Qxe8 23. Qxf6 Qe1+ 24. Kh2 Qe5+ 25. Qxe5 Nxe5 26. Re2 Nf7 27. Bxd5 cxd5 28. Re8+ Kh7 29. Bf4 b5 30. a6 Nh8 31. Kg3 Ng6 32. Bd6 Kg7 33. h4 Kf7 34. Rd8 f4+ 35. Bxf4 Ne7 36. h5 Nc6 37. Rd6 Ne7 38. Rd8 Nc6 39. Rh8 Kg7 40. Re8 Kf7 41. Rh8 Kg7 42. Rh6 Ne7 43. Kf3 Bf5 44. Rd6 Kf7 45. g4 Be6 46. Be3 Rf8 47. Bd4 Rg8 48. Bxa7 Bxg4+ 49. Kf4 Bxh5 50. f3 Rg3 51. Bd4 Rxf3+ 52. Kg5 Rf5+ 53. Kh4 Bd1 54. a7 Rh5+ 55. Kg3 Nf5+ 56. Kg2 Rg5+ 57. Kf1 Nxd6 58. a8=Q Ne4 59. Qb7+ Kg6 60. Qxb5 Bb3 61. Qe8+ Kf5 62. Qf7+ Kg4 63. Kg2 Rf5 64. Qe6 Bd1 65. b5 Ng5 66. Qxf5+ Kxf5 67. b6 Bf3+ 68. Kg1 Ne6 69. b7 Nxd4 70. cxd4 1-0

[Event "80th Tata Steel Masters 2018"]
[Site "Wijk aan Zee"]
[Date "2018.01.28"]
[Round "13"]
[White "Mamedyarov, Shakhriyar"]
[Black "Anand, Viswanathan"]
[Result "1/2-1/2"]
[WhiteElo "2804"]
[BlackElo "2767"]
[Annotator "TA"]
[PlyCount "133"]
[EventDate "2018.??.??"]
[EventType "tourn"]
[EventRounds "4"]
[EventCountry "NED"]
[SourceTitle "playchess.com"]
[Source "ChessBase"]
[SourceQuality "1"]

1. d4 Nf6 2. c4 e6 3. Nf3 d5 4. Nc3 Be7 5. Bf4 O-O 6. e3 c5 7. dxc5 Bxc5 8. Qc2 Nc6 9. Rd1 Qa5 10. a3 Re8 11. Nd2 e5 12. Bg5 Nd4 13. Qb1 Bf5 14. Bd3 Bxd3 15. Qxd3 Ne4 16. Ndxe4 dxe4 17. Qd2 Ne6 18. Bh4 Qa6 19. Qe2 Rac8 20. O-O Bf8 21. Qg4 Qxc4 22. Nxe4 Kh8 23. h3 Nc5 24. Nxc5 Qxg4 25. hxg4 Rxc5 26. Rd7 Rb5 27. b4 f6 28. g5 fxg5 29. Bxg5 a5 30. Rfd1 Kg8 31. Bd8 axb4 32. a4 Rc5 33. Rxb7 Rc8 34. Ba5 Rc4 35. Rd5 b3 36. Rxb3 Rxa4 37. Bc3 e4 38. Rb7 Ra6 39. Rdd7 Rg6 40. g3 Rc8 41. Bd4 Re8 42. Kg2 Rc8 43. Kh3 Re8 44. Rf7 Rc8 45. Rf4 Re8 46. Bc3 Rge6 47. Rff7 Rg6 48. Rfc7 Rd8 49. Kg2 Re8 50. Kf1 Rd8 51. Ke2 Re8 52. Kd1 Rg5 53. Kc2 Rf5 54. Bxg7 Bd6 55. Rd7 Rxf2+ 56. Kb3 Bxg3 57. Bd4 Be5 58. Bxe5 Rxe5 59. Rg7+ Kf8 60. Rxh7 Kg8 61. Kc4 Rg2 62. Rhe7 Rxe7 63. Rxe7 Kf8 64. Rxe4 Rg5 65. Kd4 Kf7 66. Re5 Rg1 67. Ke4 1/2-1/2

[Event "80th Tata Steel Masters 2018"]
[Site "Wijk aan Zee"]
[Date "2018.01.28"]
[Round "13"]
[White "So, Wesley"]
[Black "Hou, Yifan"]
[Result "1-0"]
[WhiteElo "2792"]
[BlackElo "2680"]
[Annotator "TA"]
[PlyCount "59"]
[EventDate "2018.??.??"]
[EventType "tourn"]
[EventRounds "4"]
[EventCountry "NED"]
[SourceTitle "playchess.com"]
[Source "ChessBase"]
[SourceQuality "1"]

1. c4 e6 2. g3 d5 3. Bg2 Nf6 4. d4 Bb4+ 5. Bd2 Bd6 6. Nc3 O-O 7. cxd5 exd5 8. Nxd5 Nxd5 9. Bxd5 Bxg3 10. Qb3 Bd6 11. Nf3 c6 12. Bc4 Bf5 13. Ng5 Qe7 14. Qf3 Bg6 15. h4 Bb4 16. O-O-O Bxd2+ 17. Rxd2 h5 18. Rg1 Nd7 19. Qg3 Nb6 20. Bb3 Qf6 21. e4 Rae8 22. e5 Qf5 23. Bc2 Qg4 24. Bxg6 Qxg3 25. Bh7+ Kh8 26. Rxg3 f6 27. Bg6 fxg5 28. Bxe8 gxh4 29. Rg5 Rxe8 30. Rxh5+ 1-0

[Event "80th Tata Steel Masters 2018"]
[Site "Wijk aan Zee"]
[Date "2018.01.28"]
[Round "13"]
[White "Karjakin, Sergey"]
[Black "Carlsen, Magnus"]
[Result "1/2-1/2"]
[WhiteElo "2753"]
[BlackElo "2834"]
[Annotator "TA"]
[PlyCount "67"]
[EventDate "2018.??.??"]
[EventType "tourn"]
[EventRounds "4"]
[EventCountry "NED"]
[SourceTitle "playchess.com"]
[Source "ChessBase"]
[SourceQuality "1"]

1. e4 e5 2. Nf3 Nc6 3. Bb5 a6 4. Ba4 Nf6 5. O-O Be7 6. Re1 b5 7. Bb3 O-O 8. a4 b4 9. d4 d6 10. dxe5 Nxe5 11. Nxe5 dxe5 12. Qe2 a5 13. Nd2 Bc5 14. Nf3 Qe7 15. Be3 Ba6 16. Bxc5 Qxc5 17. Qe3 Qxe3 18. Rxe3 Rfe8 19. c3 Ng4 20. Ng5 Nxe3 21. Bxf7+ Kf8 22. Bxe8 Rxe8 23. fxe3 bxc3 24. bxc3 h6 25. Nf3 Bd3 26. Rd1 Bxe4 27. Rd7 Re7 28. Rd8+ Kf7 29. Nd2 Bc6 30. Nc4 Ke6 31. Nxa5 Bxa4 32. Nb7 Re8 33. Nc5+ Kf6 34. Rxe8 1/2-1/2

[Event "80th Tata Steel Masters 2018"]
[Site "Wijk aan Zee"]
[Date "2018.01.28"]
[Round "13"]
[White "Wei, Yi"]
[Black "Giri, Anish"]
[Result "1/2-1/2"]
[WhiteElo "2743"]
[BlackElo "2752"]
[Annotator "TA"]
[PlyCount "42"]
[EventDate "2018.??.??"]
[EventType "tourn"]
[EventRounds "4"]
[EventCountry "NED"]
[SourceTitle "playchess.com"]
[Source "ChessBase"]
[SourceQuality "1"]

1. Nf3 d5 2. e3 Nf6 3. c4 e6 4. Nc3 b6 5. b3 Bb7 6. Bb2 Nbd7 7. g3 Bd6 8. Bg2 O-O 9. O-O Re8 10. Rc1 a6 11. Qe2 dxc4 12. bxc4 b5 13. cxb5 axb5 14. Nxb5 Rxa2 15. d4 Qb8 16. Ra1 Rxa1 17. Rxa1 Bf8 18. Nc3 c5 19. Rb1 cxd4 20. Nxd4 Bxg2 21. Kxg2 Qa8+ 1/2-1/2

[Event "80th Tata Steel Challengers 2018"]
[Site "Wijk aan Zee"]
[Date "2018.01.28"]
[Round "13"]
[White "Vidit, Santosh Gujrathi"]
[Black "Van Foreest, Jorden"]
[Result "1/2-1/2"]
[WhiteElo "2718"]
[BlackElo "2629"]
[Annotator "TA"]
[PlyCount "47"]
[EventDate "2018.??.??"]
[EventType "tourn"]
[EventCountry "NED"]
[SourceTitle "playchess.com"]
[Source "ChessBase"]
[SourceQuality "1"]

1. d4 d5 2. c4 dxc4 3. e3 Nf6 4. Bxc4 e6 5. Nf3 c5 6. O-O Nc6 7. Nc3 a6 8. dxc5 Qxd1 9. Rxd1 Bxc5 10. Bd2 O-O 11. Rac1 Bd7 12. Be2 Rfd8 13. Na4 Ba7 14. Be1 Be8 15. Rxd8 Nxd8 16. b3 Nd5 17. Kf1 Nc6 18. Nc5 Rb8 19. a3 Nce7 20. Ne5 Rc8 21. Ned3 Rc7 22. b4 Bxc5 23. Rxc5 Bb5 24. Rxc7 1/2-1/2

[Event "80th Tata Steel Challengers 2018"]
[Site "Wijk aan Zee"]
[Date "2018.01.28"]
[Round "13"]
[White "Amin, Bassem"]
[Black "Bok, Benjamin"]
[Result "1/2-1/2"]
[WhiteElo "2693"]
[BlackElo "2607"]
[Annotator "TA"]
[PlyCount "121"]
[EventDate "2018.??.??"]
[EventType "tourn"]
[EventCountry "NED"]
[SourceTitle "playchess.com"]
[Source "ChessBase"]
[SourceQuality "1"]

1. e4 c5 2. Nf3 Nc6 3. d3 g6 4. g3 Bg7 5. Bg2 d6 6. O-O e5 7. c3 Nge7 8. a3 O-O 9. b4 a6 10. Nbd2 h6 11. Rb1 Be6 12. Re1 b6 13. Nc4 Rb8 14. bxc5 bxc5 15. Rxb8 Qxb8 16. Qa4 a5 17. Nfd2 Qc7 18. Ne3 Bd7 19. Ndc4 Ra8 20. Bd2 Nd8 21. Qc2 Rb8 22. a4 h5 23. f4 f6 24. Qd1 Nf7 25. Rf1 Qc6 26. Nxa5 Qxa4 27. Qxa4 Bxa4 28. Bh3 Kf8 29. Nac4 exf4 30. gxf4 f5 31. exf5 Bd7 32. Re1 gxf5 33. Bg2 Rb3 34. Nd5 Nxd5 35. Bxd5 Bxc3 36. Bxc3 Rxc3 37. Re3 Rc1+ 38. Kf2 Rc2+ 39. Re2 Rxe2+ 40. Kxe2 Ke7 41. Bxf7 Kxf7 42. Nxd6+ Ke6 43. Nc4 Bb5 44. Ne3 Bd7 45. Nf1 Be8 46. Ke3 Kd5 47. Kd2 Kd6 48. Ng3 Bg6 49. Ne2 Bf7 50. Ke3 Kd5 51. Nc3+ Kc6 52. Kd2 Kd6 53. Ne2 Kd5 54. Ng3 Bg6 55. Nf1 Be8 56. Ne3+ Ke6 57. Kc3 Bd7 58. Nc4 Be8 59. Nb6 Bb5 60. Nc4 Be8 61. Ne3 1/2-1/2

[Event "80th Tata Steel Challengers 2018"]
[Site "Wijk aan Zee"]
[Date "2018.01.28"]
[Round "13"]
[White "Bluebaum, Matthias"]
[Black "Xiong, Jeffery"]
[Result "0-1"]
[WhiteElo "2640"]
[BlackElo "2634"]
[Annotator "TA"]
[PlyCount "80"]
[EventDate "2018.??.??"]
[EventType "tourn"]
[EventCountry "NED"]
[SourceTitle "playchess.com"]
[Source "ChessBase"]
[SourceQuality "1"]

1. d4 Nf6 2. c4 g6 3. Nc3 d5 4. Bg5 Ne4 5. Nxe4 dxe4 6. e3 c5 7. Ne2 Bg7 8. Qd2 O-O 9. d5 h6 10. Bh4 g5 11. Bg3 e5 12. h4 g4 13. Nc3 f5 14. h5 a6 15. d6 Nc6 16. Qd5+ Rf7 17. Qxc5 Be6 18. Bh4 Qf8 19. Nd5 g3 20. fxg3 Rc8 21. Nb6 Rb8 22. O-O-O f4 23. Nd5 Rc8 24. Nb6 Rb8 25. gxf4 exf4 26. exf4 Rxf4 27. Nd5 Bxd5 28. Qxd5+ Kh8 29. Bg3 Qf6 30. Qd2 e3 31. Qc3 Qe6 32. Qa3 Rg4 33. Be1 e2 34. Bxe2 Qxe2 35. Bc3 Qxc4 36. Rh3 Rxg2 37. d7 Nd4 38. Qd6 Ne2+ 39. Kb1 Nxc3+ 40. Rxc3 Rxb2+ 0-1

[Event "80th Tata Steel Challengers 2018"]
[Site "Wijk aan Zee"]
[Date "2018.01.28"]
[Round "13"]
[White "L'Ami, Erwin"]
[Black "Tari, Aryan"]
[Result "1/2-1/2"]
[WhiteElo "2634"]
[BlackElo "2599"]
[Annotator "TA"]
[PlyCount "42"]
[EventDate "2018.??.??"]
[EventType "tourn"]
[EventCountry "NED"]
[SourceTitle "playchess.com"]
[Source "ChessBase"]
[SourceQuality "1"]

1. d4 Nf6 2. c4 g6 3. Nc3 d5 4. cxd5 Nxd5 5. e4 Nxc3 6. bxc3 Bg7 7. Nf3 c5 8. Be3 Qa5 9. Qd2 O-O 10. Rc1 Rd8 11. Be2 Nc6 12. d5 e6 13. Bg5 f6 14. Bf4 Qa4 15. Qc2 Qxc2 16. Rxc2 exd5 17. exd5 Ne7 18. c4 Nf5 19. Bd3 Bf8 20. O-O Bd7 21. Bc1 Re8 1/2-1/2

[Event "80th Tata Steel Challengers 2018"]
[Site "Wijk aan Zee"]
[Date "2018.01.28"]
[Round "13"]
[White "Gordievsky, Dmitry"]
[Black "Korobov, Anton"]
[Result "1-0"]
[WhiteElo "2622"]
[BlackElo "2652"]
[Annotator "TA"]
[PlyCount "155"]
[EventDate "2018.??.??"]
[EventType "tourn"]
[EventCountry "NED"]
[SourceTitle "playchess.com"]
[Source "ChessBase"]
[SourceQuality "1"]

1. Nf3 d5 2. g3 g6 3. d4 Bg7 4. Bg2 Nf6 5. c4 c6 6. O-O O-O 7. Qb3 e6 8. Nc3 Nbd7 9. Bf4 b6 10. cxd5 exd5 11. Rfe1 Bb7 12. a4 c5 13. Bd6 c4 14. Qa3 Re8 15. Nd2 Rc8 16. a5 h5 17. e3 Bc6 18. b3 b5 19. bxc4 bxc4 20. h4 Nf8 21. Rab1 Ne6 22. Red1 Ng4 23. Nf3 f6 24. Nh2 Nh6 25. e4 Nf7 26. exd5 Qxd6 27. Qxd6 Nxd6 28. dxc6 f5 29. Bd5 Kf8 30. Bxe6 Rxe6 31. d5 Bxc3 32. dxe6 Rxc6 33. Nf3 Ke7 34. Nd4 Bxd4 35. Rxd4 Kxe6 36. Re1+ Kf6 37. f3 c3 38. Rc1 Nb5 39. Rd5 a6 40. Kf2 Rc4 41. Ke3 Ke6 42. Rd8 Ra4 43. Kd3 Rxa5 44. Re1+ Kf6 45. Rb8 c2 46. Rb6+ Kf7 47. Rb7+ Kf6 48. Rb6+ Kf7 49. Kxc2 Nd4+ 50. Kd3 Nxf3 51. Rb7+ Kf6 52. Rb6+ Kf7 53. Rc1 Ra3+ 54. Ke2 Nd4+ 55. Kf1 Ne6 56. Rcc6 Rf3+ 57. Kg2 Re3 58. Rxa6 Re2+ 59. Kf1 Re4 60. Kf2 Kf6 61. Kf3 Kf7 62. Rcb6 g5 63. Ra7+ Kf6 64. Rh7 Kg6 65. Re7 g4+ 66. Kg2 Kf6 67. Rh7 Kg6 68. Ra7 Kf6 69. Ra2 f4 70. gxf4 Kf5 71. Rb5+ Kxf4 72. Rf2+ Ke3 73. Kg3 Nd4 74. Rxh5 Ne2+ 75. Rxe2+ Kxe2 76. Ra5 Rb4 77. h5 Rb1 78. Kxg4 1-0

[Event "80th Tata Steel Challengers 2018"]
[Site "Wijk aan Zee"]
[Date "2018.01.28"]
[Round "13"]
[White "Harika, Dronavalli"]
[Black "Krasenkow, Michal"]
[Result "1/2-1/2"]
[WhiteElo "2497"]
[BlackElo "2671"]
[Annotator "TA"]
[PlyCount "105"]
[EventDate "2018.??.??"]
[EventType "tourn"]
[EventCountry "NED"]
[SourceTitle "playchess.com"]
[Source "ChessBase"]
[SourceQuality "1"]

1. e4 e5 2. Nf3 Nc6 3. Bc4 Bc5 4. O-O Nf6 5. d3 d6 6. c3 Bb6 7. a4 a5 8. Re1 O-O 9. h3 h6 10. Nbd2 Ne7 11. Nf1 Ng6 12. Ng3 c6 13. Bb3 Be6 14. d4 exd4 15. cxd4 d5 16. e5 Nd7 17. Bc2 c5 18. Nh5 cxd4 19. Bxg6 fxg6 20. Nf4 Qe8 21. Nxd4 Bxd4 22. Qxd4 Rc8 23. Be3 Nc5 24. Rad1 b6 25. b4 axb4 26. Qxb4 Qc6 27. Nxe6 Qxe6 28. a5 bxa5 29. Qxa5 d4 30. Bxd4 Nb3 31. Qb5 Nxd4 32. Rxd4 Rc2 33. Re2 Rxe2 34. Qxe2 Re8 35. Re4 g5 36. Kh2 Kf7 37. Re3 Re7 38. Qd3 Kg8 39. Qe4 Re8 40. Qd4 Re7 41. Qd8+ Re8 42. Qd6 Qxd6 43. exd6 Rd8 44. Rd3 Kf7 45. Kg3 Ke6 46. Re3+ Kxd6 47. f4 gxf4+ 48. Kxf4 Rf8+ 49. Kg4 Rf6 50. h4 Re6 51. Rxe6+ Kxe6 52. Kf4 Kf6 53. Ke4 1/2-1/2

[Event "80th Tata Steel Challengers 2018"]
[Site "Wijk aan Zee"]
[Date "2018.01.28"]
[Round "13"]
[White "Van Foreest, Lucas"]
[Black "Girya, Olga"]
[Result "1-0"]
[WhiteElo "2481"]
[BlackElo "2489"]
[Annotator "TA"]
[PlyCount "75"]
[EventDate "2018.??.??"]
[EventType "tourn"]
[EventCountry "NED"]
[SourceTitle "playchess.com"]
[Source "ChessBase"]
[SourceQuality "1"]

1. e4 c6 2. d4 d5 3. e5 Bf5 4. Nf3 e6 5. Be2 Bb4+ 6. c3 Ba5 7. Nbd2 Nd7 8. b4 Bc7 9. Nb3 f6 10. Bf4 Ne7 11. Bg3 Ng6 12. exf6 gxf6 13. c4 dxc4 14. Bxc4 Nb6 15. Bd3 Bxd3 16. Qxd3 Nd5 17. O-O Ndf4 18. Qe3 Rg8 19. Nc5 Qd5 20. Ne4 Kf7 21. Rac1 h5 22. Rc5 Qd8 23. h4 Qe7 24. b5 Nd5 25. Qb3 Ngf4 26. bxc6 b6 27. Rc2 Rg4 28. Bxf4 Rxf4 29. Re2 Rg8 30. g3 Rf5 31. Kh1 Qf8 32. Rfe1 Qb4 33. Qd3 Qe7 34. Nc3 Nxc3 35. Qxf5 Nxe2 36. Qxh5+ Rg6 37. Rxe2 Qa3 38. d5 1-0

[Event "82nd Tata Steel Masters 2020"]
[Site "Wijk aan Zee"]
[Date "2020.01.26"]
[Round "13.1"]
[White "So, Wesley"]
[Black "Carlsen, Magnus"]
[Result "1/2-1/2"]
[WhiteElo "2765"]
[BlackElo "2872"]
[Annotator "TA"]
[PlyCount "103"]
[EventDate "2020.01.11"]
[EventType "tourn"]
[EventCountry "NED"]
[SourceTitle "playchess.com"]
[Source "ChessBase"]
[SourceQuality "1"]

1. e4 e5 2. Nf3 Nc6 3. Nc3 Nf6 4. d4 exd4 5. Nxd4 Bb4 6. Nxc6 bxc6 7. Bd3 d5 8. Bd2 O-O 9. O-O Bxc3 10. Bxc3 dxe4 11. Bxf6 Qxf6 12. Bxe4 Qxb2 13. Bxc6 Rb8 14. Rb1 Qxb1 15. Qxb1 Rxb1 16. Rxb1 Rd8 17. Bf3 Kf8 18. Rb8 Re8 19. h4 Ba6 20. Rb3 Be2 21. Bxe2 Rxe2 22. Rc3 Re7 23. f3 Ke8 24. Kf2 Kd7 25. Ra3 Re5 26. Rxa7 Rc5 27. Ke3 Rxc2 28. g4 h5 29. gxh5 Rc4 30. Ra5 Rxh4 31. Rg5 Ke6 32. Rc5 Ra4 33. h6 gxh6 34. Rxc7 Kf6 35. Rc6+ Kg7 36. Rc2 Kg6 37. Kf2 h5 38. Kg3 Kg5 39. Rc7 h4+ 40. Kh3 f5 41. Rh7 Rc4 42. Rh8 Rc1 43. a3 Kf4 44. Rh5 Ra1 45. a4 Ra2 46. Rxh4+ Kxf3 47. Rb4 f4 48. Rb3+ Kf2 49. Kg4 Rxa4 50. Rf3+ Kg2 51. Rxf4 Rxf4+ 52. Kxf4 1/2-1/2

[Event "84th Tata Steel Masters 2022"]
[Site "Wijk aan Zee"]
[Date "2022.01.30"]
[Round "13.1"]
[White "Rapport, Richard"]
[Black "Giri, Anish"]
[Result "1/2-1/2"]
[WhiteElo "2763"]
[BlackElo "2772"]
[Annotator "TA"]
[PlyCount "27"]
[EventDate "2022.01.15"]
[EventType "tourn"]
[EventCountry "NED"]
[SourceTitle "playchess.com"]
[Source "ChessBase"]
[SourceQuality "1"]

1. d4 Nf6 2. c4 g6 3. Nc3 d5 4. Nf3 Bg7 5. cxd5 Nxd5 6. e4 Nxc3 7. bxc3 c5 8. Be3 Qa5 9. Nd2 O-O 10. Nb3 Qxc3+ 11. Bd2 Qb2 12. Bc1 Qc3+ 13. Bd2 Qb2 14. Bc1 1/2-1/2